=LDR 00000nam 2200000 4500 =001 INLIS000000000030237 =005 20210830120511 =035 ##$$a 0010-061300000030237 =008 210830################g##########0#ind## =041 ##$$a Ind =082 ##$$a 340.2 =090 ##$$a 340.2, Pen p =245 ##$$a Pengkajian hukum pencegahan korupsi dan hubungannya dengan transparansi anggaran pada instansi pemerintah, /$c Dr. Andi Hamzah, SH,; editor, Suradji...{et al} =260 ##$$a Jakarta :$b Badan Pembinaan Hukum Nasional,$c 2008 =300 ##$$a v,133 hlm., ; $c 21 x 15 cm. =650 #4$$a Hukum-Bunga Rampai =850 ##$$a NBPNMAT =084 ##$$a 340.2 PEN p =700 #$$a Andi Hamzah =990 ##$$a 30801890